Statistics for Rugby League World Cup

Click here to take the quiz!

General Stats

  • This quiz has been taken 50 times
  • The average score is 14 of 21

Answer Stats

HintAnswer% Correct
16Australia
96%
16New Zealand
96%
7England
91%
16France
89%
4Ireland
89%
4Scotland
82%
7Wales
82%
6Samoa
80%
6Tonga
78%
6Fiji
76%
2South Africa
71%
2USA
69%
3Italy
64%
8Papua New Guinea
56%
1Russia
42%
3Cook Islands
40%
1Greece
40%
9Great Britain
38%
3Lebanon
36%
1Jamaica
29%
1Maori
16%

Score Distribution

Percentile by Number Answered

Percent of People with Each Score

Your Score History

You have not taken this quiz